The growth mindset : leadership makes a difference in wealth management /

Bibliographic Details
Main Author: Capozzi, Rick, 1960- (Author)
Corporate Author: EBSCOhost
Format: eBook
Language:English
Published: Hoboken, New Jersey : John Wiley & Sons, Inc., [2018]
Subjects:
Online Access:Connect to the full text of this electronic book

MARC

Tag First Indicator Second Indicator Subfields
LEADER 00000cam a2200000 i 4500
001 in00003901913
006 m o d
007 cr |||||||||||
008 170731s2018 njua ob 001 0 eng
005 20250816191006.4
010 |a  2017036340 
020 |a 9781119422013  |q electronic book 
020 |a 1119422019  |q electronic book 
020 |a 9781119421986  |q electronic book 
020 |a 1119421985  |q electronic book 
020 |z 9781119421979  |q hardcover 
024 8 |a 99973834062 
035 |a (NhCcYBP)EBSCO1609144 
040 |a NhCcYBP  |c NhCcYBP  |d UtOrBLW 
042 |a pcc 
050 4 |a HG179.5  |b .C357 2018 
072 7 |a BUS  |x 027000  |2 bisacsh 
082 0 0 |a 332.6  |2 23 
100 1 |a Capozzi, Rick,  |d 1960-  |e author.  |0 http://id.loc.gov/authorities/names/n2017044925 
245 1 4 |a The growth mindset :  |b leadership makes a difference in wealth management /  |c Rick Capozzi. 
264 1 |a Hoboken, New Jersey :  |b John Wiley & Sons, Inc.,  |c [2018] 
300 |a 1 online resource. 
336 |a text  |b txt  |2 rdacontent 
337 |a computer  |b c  |2 rdamedia 
338 |a online resource  |b cr  |2 rdacarrier 
504 |a Includes bibliographical references and index. 
588 |a Description based on online resource; title from digital title page (viewed on October 18, 2017). 
500 |a Electronic resource. 
650 0 |a Financial planners.  |0 http://id.loc.gov/authorities/subjects/sh86000185 
650 0 |a Investment advisors.  |0 http://id.loc.gov/authorities/subjects/sh85067705 
650 0 |a Leadership.  |0 http://id.loc.gov/authorities/subjects/sh85075480 
650 0 |a Financial services industry  |x Management.  |0 http://id.loc.gov/authorities/subjects/sh2008120581 
655 7 |a Electronic books.  |2 local 
710 2 |a EBSCOhost. 
776 1 8 |i Print version:  |a Capozzi, Rick, 1960- author.  |t Growth mindset  |d Hoboken, New Jersey : John Wiley & Sons, Inc., [2018]  |z 9781119421979  |w (DLC) 2017023320 
856 4 0 |u http://proxy.library.tamu.edu/login?url=http://search.ebscohost.com/login.aspx?direct=true&scope=site&db=nlebk&db=nlabk&AN=1609144  |z Connect to the full text of this electronic book  |t 0 
955 |a YBP purchased firm e-records 
980 |b 44.93  |g 1 
987 |a ybp14874950 
999 f f |s d3b779d3-dce4-35da-9488-22f2c70ec451  |i 7e16d0d5-a2d8-35ed-a48a-3d1d72106060  |t 0 
952 f f |a Texas A&M University  |b College Station  |c Electronic Resources  |d Available Online  |t 0  |e HG179.5 .C357 2018  |h Library of Congress classification 
998 f f |a HG179.5 .C357 2018  |t 0  |l Available Online